000 01593nam2a22002291 4500
001 rc\4175164
005 20250611010129.0
035 _a(NLR Aleph) 007999443
090 _a8630210
_c8630210
100 _a20130415d1953 |||y0rusy50 ca
101 0 _arus
102 _aRU
105 _ay z |||||
200 1 _aРемонтно-реставрационные и восстановительные работы
210 _d1953
_aБ. м.
215 _a[2], 163 с.
461 0 _1001rc\4175163
_12001#$aВременные ведомственные нормы и расценки на реставрационные работы по памятникам архитектуры$e[Утв. Упр. по делам архит. при Совете Министров РСФСР от 21 марта 1953 г. № 38]$eОтд. 1-$fУпр. по делам архитектуры при Совете Министров РСФСР$vОтд. 1
_98630205
_aРСФСР. Управление по делам архитектуры
_cМосква
_d1953
_fУпр. по делам архитектуры при Совете Министров РСФСР
_nБ. и.
_o[Утв. Упр. по делам архит. при Совете Министров РСФСР от 21 марта 1953 г. № 38] : Отд. 1-
_tВременные ведомственные нормы и расценки на реставрационные работы по памятникам архитектуры
_vОтд. 1
801 0 _aRU
_bNLR
_gpsbo
801 1 _aRU
_bELAR
_2rusmarc
852 _aNLR
_jПт 80-1/57
942 _cBOOK
980 _aNB